[Event "Steinfurt Bezirksklasse 1112"]
[Site "Germany"]
[Date "2011.11.19"]
[Round "3.2"]
[White "Schreck, Uwe"]
[Black "Schnabel, Reinhard"]
[Result "1/2-1/2"]
[WhiteElo "1368"]
[BlackElo "1429"]
[PlyCount "78"]
[EventDate "2011.09.24"]
[EventType "team-tourn"]
[EventRounds "9"]
[EventCountry "GER"]
[SourceTitle "EXT 2013"]
[Source "ChessBase"]
[SourceDate "2012.11.22"]
[SourceVersion "1"]
[SourceVersionDate "2012.11.22"]
[SourceQuality "1"]
[WhiteTeam "Ibbenbueren III"]
[BlackTeam "Reckenfeld II"]
[WhiteTeamCountry "GER"]
[BlackTeamCountry "GER"]

1. c4 c5 2. Nc3 e6 3. d3 Nc6 4. Nf3 Be7 5. g3 d5 6. cxd5 exd5 7. Bg2 Nf6 8. 0-0 h6 9. a3 Be6 10. Bf4 Nh7 11. Qc1 g5 12. Bd2 f6 13. Rd1 g4 14. Nh4 Ng5 15. Ng6 Rg8 16. Nf4 Bf7 17. Ncxd5 Nh3+ 18. Kf1 Nxf4 19. Nxf4 h5 20. Be3 Rg5 21. h3 Rc8 22. h4 Re5 23. Rd2 Na5 24. Qc3 Nb3 25. Rad1 Nxd2+ 26. Rxd2 b6 27. Rc2 Rb8 28. Rc1 Kf8 29. Ke1 b5 30. d4 b4 31. axb4 cxb4 32. Qc6 Ra5 33. d5 b3 34. Ne6+ Bxe6 35. dxe6 Qd6 36. Qd7 Rd8 37. Bh6+ Kg8 38. Qxd6 Bxd6 39. Bf4 Bb4+ 1/2-1/2

[Event "Steinfurt Bezirksliga 1011"]
[Site "Germany"]
[Date "2010.10.02"]
[Round "1.7"]
[White "Schnabel, Reinhard"]
[Black "Koelking, Helmut"]
[Result "1-0"]
[WhiteElo "1553"]
[BlackElo "1319"]
[PlyCount "54"]
[EventDate "2010.10.02"]
[EventType "team-tourn"]
[EventRounds "9"]
[EventCountry "GER"]
[SourceTitle "EXT 2012"]
[Source "ChessBase"]
[SourceDate "2011.11.24"]
[SourceVersion "1"]
[SourceVersionDate "2011.11.24"]
[SourceQuality "1"]
[WhiteTeam "Reckenfeld"]
[BlackTeam "Steinfurt III"]
[WhiteTeamCountry "GER"]
[BlackTeamCountry "GER"]

1. d4 Nf6 2. c4 d5 3. cxd5 Nxd5 4. e4 Nb6 5. Nc3 g6 6. a4 a5 7. Be3 Bg7 8. Nf3 Bg4 9. h3 Bxf3 10. gxf3 N8d7 11. Rc1 0-0 12. h4 Nf6 13. d5 Nbd7 14. Nb5 Rc8 15. Na7 Ra8 16. Qb3 Qb8 17. Nb5 Rc8 18. Bf4 Ne8 19. Qe3 Nd6 20. b3 b6 21. h5 Nc5 22. hxg6 hxg6 23. Bh6 c6 24. dxc6 Rxc6 25. Bxg7 Nxb5 26. axb5 Re6 27. Bb2 Qf8 1-0

[Event "Steinfurt Bezirksliga 0910"]
[Site "Germany"]
[Date "2009.12.05"]
[Round "4.1"]
[White "Hartmann, Viktor"]
[Black "Schnabel, Reinhard"]
[Result "0-1"]
[WhiteElo "1671"]
[BlackElo "1559"]
[PlyCount "70"]
[EventDate "2009.09.12"]
[EventType "team-tourn"]
[EventRounds "9"]
[EventCountry "GER"]
[SourceTitle "EXT 2011"]
[Source "ChessBase"]
[SourceDate "2010.11.26"]
[SourceVersion "1"]
[SourceVersionDate "2010.11.26"]
[SourceQuality "1"]
[WhiteTeam "Ibbenbueren II"]
[BlackTeam "Reckenfeld II"]
[WhiteTeamCountry "GER"]
[BlackTeamCountry "GER"]

1. d4 Nf6 2. c4 g6 3. Nf3 Bg7 4. Nc3 d6 5. e4 0-0 6. h3 Nbd7 7. Bd3 c5 8. d5 a6 9. Bf4 Nh5 10. Bd2 Rb8 11. 0-0 Ne5 12. Qe2 Nxd3 13. Qxd3 Qe8 14. a4 f5 15. Rfe1 f4 16. e5 Bf5 17. Qe2 dxe5 18. Nxe5 g5 19. Nd3 Bxd3 20. Qxd3 Qd7 21. Qe2 f3 22. Qxe7 Qxe7 23. Rxe7 fxg2 24. Kxg2 Nf4+ 25. Kh2 h6 26. Be3 Nd3 27. Ne4 Nxb2 28. Nxc5 Nxc4 29. Rd1 Be5+ 30. Kg2 Rf7 31. Rxf7 Kxf7 32. Kf3 Kg6 33. Ke4 Bd6 34. Rb1 Bxc5 35. Bxc5 Nd2+ 0-1

[Event "Steinfurt Bezirksliga 0910"]
[Site "Germany"]
[Date "2009.11.14"]
[Round "3.1"]
[White "Schnabel, Reinhard"]
[Black "Lagemann, Stefan"]
[Result "0-1"]
[WhiteElo "1559"]
[BlackElo "1998"]
[PlyCount "94"]
[EventDate "2009.09.12"]
[EventType "team-tourn"]
[EventRounds "9"]
[EventCountry "GER"]
[SourceTitle "EXT 2011"]
[Source "ChessBase"]
[SourceDate "2010.11.26"]
[SourceVersion "1"]
[SourceVersionDate "2010.11.26"]
[SourceQuality "1"]
[WhiteTeam "Reckenfeld II"]
[BlackTeam "Westerkappeln"]
[WhiteTeamCountry "GER"]
[BlackTeamCountry "GER"]

1. c4 e5 2. Nc3 Nf6 3. a3 Nc6 4. e3 d5 5. cxd5 Nxd5 6. Bc4 Nb6 7. Ba2 Be7 8. Nge2 0-0 9. 0-0 Bg4 10. f3 Bh5 11. Ng3 Bg6 12. e4 Qd7 13. Nd5 Bc5+ 14. Kh1 Ne7 15. b4 Bd4 16. Nxe7+ Qxe7 17. Rb1 Kh8 18. Qc2 Rad8 19. d3 f5 20. exf5 Bxf5 21. Ne4 h6 22. b5 Nd5 23. Bxd5 Rxd5 24. a4 Rfd8 25. g4 Bc8 26. g5 h5 27. Qg2 Qe6 28. g6 Qh3 29. Ng5 Qxg2+ 30. Kxg2 Kg8 31. h3 Bf5 32. Ne4 Bxg6 33. Bg5 R8d7 34. h4 Bb6 35. f4 Rxd3 36. f5 Bf7 37. Ng3 Ra3 38. Rfd1 Bd4 39. Rd2 Rxa4 40. Rbd1 Rb4 41. Ne2 Bd5+ 42. Kh2 Bf3 43. Re1 Bxe2 44. Rexe2 Rxb5 45. Kg2 Rb3 46. Rd1 Rf7 47. Rf1 c5 0-1

[Event "Steinfurt Bezirksliga 0910"]
[Site "Germany"]
[Date "2009.10.31"]
[Round "2.1"]
[White "Raus, Michael"]
[Black "Schnabel, Reinhard"]
[Result "1/2-1/2"]
[WhiteElo "1774"]
[BlackElo "1559"]
[PlyCount "51"]
[EventDate "2009.09.12"]
[EventType "team-tourn"]
[EventRounds "9"]
[EventCountry "GER"]
[SourceTitle "EXT 2011"]
[Source "ChessBase"]
[SourceDate "2010.11.26"]
[SourceVersion "1"]
[SourceVersionDate "2010.11.26"]
[SourceQuality "1"]
[WhiteTeam "Steinfurt II"]
[BlackTeam "Reckenfeld II"]
[WhiteTeamCountry "GER"]
[BlackTeamCountry "GER"]

1. e4 c5 2. Nc3 e6 3. d3 Nc6 4. f4 Be7 5. Nf3 d6 6. Be2 Bd7 7. 0-0 a6 8. a3 Bf6 9. Qe1 Qe7 10. Rb1 b5 11. Nd1 g6 12. Ne3 Bg7 13. Bd2 Nd4 14. Bd1 f5 15. c3 Nc6 16. Qf2 Nh6 17. Re1 fxe4 18. dxe4 0-0 19. g3 Na5 20. Bc2 c4 21. Rbd1 Bc6 22. h3 Rad8 23. Ng4 Nxg4 24. hxg4 Nb3 25. Be3 Qb7 26. Nd2 1/2-1/2

[Event "Steinfurt Bezirksliga 0910"]
[Site "Germany"]
[Date "2009.09.12"]
[Round "1.1"]
[White "Schnabel, Reinhard"]
[Black "Hokamp, Sascha"]
[Result "0-1"]
[WhiteElo "1559"]
[BlackElo "1985"]
[PlyCount "84"]
[EventDate "2009.09.12"]
[EventType "team-tourn"]
[EventRounds "9"]
[EventCountry "GER"]
[SourceTitle "EXT 2011"]
[Source "ChessBase"]
[SourceDate "2010.11.26"]
[SourceVersion "1"]
[SourceVersionDate "2010.11.26"]
[SourceQuality "1"]
[WhiteTeam "Reckenfeld II"]
[BlackTeam "Reckenfeld"]
[WhiteTeamCountry "GER"]
[BlackTeamCountry "GER"]

1. e4 d6 2. d4 Nf6 3. Nc3 g6 4. Nf3 c6 5. Be2 Bg7 6. Bg5 Qb6 7. Rb1 Qc7 8. Bxf6 Bxf6 9. 0-0 0-0 10. Qd3 e5 11. Rfd1 a6 12. b4 b6 13. a4 Bb7 14. d5 c5 15. b5 a5 16. Qe3 Nd7 17. Bc4 Rae8 18. g4 Qd8 19. g5 Be7 20. Kh1 f6 21. Rg1 fxg5 22. Ne2 Bc8 23. Nxg5 Bxg5 24. Rxg5 Qf6 25. Rg2 Qf3 26. Rbg1 Rf7 27. Qxf3 Rxf3 28. Ra1 Nf6 29. Kg1 Nxe4 30. Bd3 Nf6 31. Rg5 e4 32. Bc4 Kg7 33. Rg3 Re5 34. Rxf3 exf3 35. Ng3 h5 36. h4 g5 37. hxg5 Rxg5 38. Kh1 h4 39. Nf1 Ne4 40. Ne3 Nxf2+ 41. Kh2 Rg3 42. Nf5+ Bxf5 0-1

[Event "Steinfurt Bezirksklasse 0809"]
[Site "Germany"]
[Date "2008.12.06"]
[Round "3.6"]
[White "Schnabel, Reinhard"]
[Black "Nattkaemper, Johann"]
[Result "1-0"]
[WhiteElo "1514"]
[BlackElo "1189"]
[PlyCount "67"]
[EventDate "2008.09.13"]
[EventType "team-tourn"]
[EventRounds "7"]
[EventCountry "GER"]
[SourceTitle "EXT 2010"]
[Source "ChessBase"]
[SourceDate "2010.11.25"]
[SourceVersion "1"]
[SourceVersionDate "2010.11.25"]
[SourceQuality "1"]
[WhiteTeam "Reckenfeld II"]
[BlackTeam "Ibbenbueren III"]
[WhiteTeamCountry "GER"]
[BlackTeamCountry "GER"]

1. e4 c5 2. Nf3 e6 3. c3 a6 4. d4 Nc6 5. d5 exd5 6. exd5 Qe7+ 7. Be3 Ne5 8. Be2 d6 9. 0-0 Nf6 10. Nxe5 Qxe5 11. Bf3 Be7 12. Re1 Ne4 13. Nd2 Bf5 14. Nc4 Qf6 15. Nb6 Rd8 16. Qa4+ Kf8 17. Bxe4 Bxe4 18. Qxe4 h5 19. f4 Qh4 20. g3 Qg4 21. Qg2 Re8 22. h3 Qf5 23. Bf2 Qc2 24. Be3 Qd3 25. Nd7+ Kg8 26. a4 h4 27. g4 f5 28. g5 b5 29. Rad1 Qc4 30. Nb6 Qb3 31. Bc1 bxa4 32. Nc8 Kf8 33. Qe2 Qb7 34. Nxd6 1-0

[Event "Steinfurt Bezirksklasse 0708"]
[Site "Germany"]
[Date "2008.02.09"]
[Round "5.3"]
[White "Krueler, Andreas"]
[Black "Schnabel, Reinhard"]
[Result "0-1"]
[WhiteElo "1529"]
[BlackElo "1514"]
[PlyCount "118"]
[EventDate "2007.10.13"]
[EventType "team-tourn"]
[EventRounds "7"]
[EventCountry "GER"]
[SourceTitle "EXT 2009"]
[Source "ChessBase"]
[SourceDate "2008.11.26"]
[SourceVersion "1"]
[SourceVersionDate "2008.11.26"]
[SourceQuality "1"]
[WhiteTeam "Steinfurt IV"]
[BlackTeam "Reckenfeld II"]
[WhiteTeamCountry "GER"]
[BlackTeamCountry "GER"]

1. e4 c5 2. Bc4 e6 3. Qf3 Nc6 4. c3 Ne5 5. Qe2 Nxc4 6. Qxc4 Nf6 7. Qe2 e5 8. Nf3 d6 9. h3 Bd7 10. d3 h6 11. c4 Be7 12. Nc3 Bc6 13. b3 Qd7 14. a4 a6 15. Nd5 Bxd5 16. exd5 0-0-0 17. Bd2 Nh7 18. b4 f5 19. 0-0 Bf6 20. Ra2 g5 21. Nh2 Bg7 22. b5 Rde8 23. bxa6 bxa6 24. f3 Nf6 25. Bc3 Nh5 26. Qb2 Qb7 27. Rb1 Re7 28. Qb3 Qxb3 29. Rxb3 Rb7 30. Rab2 Rxb3 31. Rxb3 Nf4 32. Ba5 Bf8 33. Rb6 Nxd3 34. Rxa6 Kb7 35. Rc6 Rh7 36. Nf1 e4 37. fxe4 fxe4 38. Ne3 Rf7 39. Bd8 Ne5 40. Rb6+ Kc8 41. a5 Kxd8 42. a6 Kc8 43. Nf5 Nxc4 44. Rb1 Ra7 45. Ng3 Rxa6 46. Nxe4 Bg7 47. Kf2 Be5 48. Kf3 Ra7 49. Re1 Rf7+ 50. Kg4 Rf4+ 51. Kh5 Bg7 52. g3 Rf3 53. Rc1 Ne5 54. Nxd6+ Kd7 55. Ne4 c4 56. h4 g4 57. Re1 Rf5+ 58. Ng5 hxg5 59. hxg5 Kd6 0-1

[Event "Steinfurt Bezirksklasse 0708"]
[Site "Germany"]
[Date "2007.11.03"]
[Round "2.4"]
[White "Roos, Bastian"]
[Black "Schnabel, Reinhard"]
[Result "1-0"]
[WhiteElo "1313"]
[BlackElo "1514"]
[PlyCount "61"]
[EventDate "2007.10.13"]
[EventType "team-tourn"]
[EventRounds "7"]
[EventCountry "GER"]
[SourceTitle "EXT 2009"]
[Source "ChessBase"]
[SourceDate "2008.11.26"]
[SourceVersion "1"]
[SourceVersionDate "2008.11.26"]
[SourceQuality "1"]
[WhiteTeam "Saerbeck III"]
[BlackTeam "Reckenfeld II"]
[WhiteTeamCountry "GER"]
[BlackTeamCountry "GER"]

1. d4 Nf6 2. c4 e6 3. Nc3 d5 4. Nf3 c6 5. c5 b6 6. b4 b5 7. a4 Bd7 8. Ne5 Be7 9. Bg5 h6 10. Bxf6 Bxf6 11. Nxd7 Qxd7 12. e3 bxa4 13. Nxa4 Qe7 14. Rb1 0-0 15. b5 cxb5 16. Bxb5 Qc7 17. 0-0 Rd8 18. Qb3 e5 19. Rfd1 exd4 20. exd4 a6 21. Nb6 Ra7 22. Nxd5 Rxd5 23. Qxd5 axb5 24. Rxb5 Nc6 25. g3 Ra8 26. Rb6 Rc8 27. Rdb1 Ne7 28. Qc4 Rd8 29. R6b4 Nc6 30. Rb7 Qc8 31. R7b6 1-0

[Event "Steinfurt Bezirksliga 0506"]
[Site "Germany"]
[Date "2006.02.04"]
[Round "6.6"]
[White "Schnabel, Reinhard"]
[Black "Niedenzu, Gerhard"]
[Result "0-1"]
[WhiteElo "1540"]
[BlackElo "1507"]
[PlyCount "45"]
[EventDate "2005.09.24"]
[EventType "team-tourn"]
[EventRounds "9"]
[EventCountry "GER"]
[SourceTitle "EXT 2006"]
[Source "ChessBase"]
[SourceDate "2005.11.24"]
[SourceVersion "1"]
[SourceVersionDate "2005.11.24"]
[SourceQuality "1"]
[WhiteTeam "Reckenfeld"]
[BlackTeam "Ibbenbueren II"]
[WhiteTeamCountry "GER"]
[BlackTeamCountry "GER"]

1. e4 e5 2. Nf3 d6 3. c3 Nf6 4. d3 Nc6 5. h3 Be7 6. Be3 Bd7 7. Be2 0-0 8. Nh2 Qc8 9. Ng4 Nxg4 10. hxg4 Qd8 11. Qd2 f6 12. Na3 Rf7 13. d4 exd4 14. cxd4 d5 15. Nc2 dxe4 16. Bc4 Qe8 17. a3 Bd6 18. Bxf7+ Kxf7 19. 0-0-0 Bxg4 20. Rdg1 Qd8 21. Qc3 Ne7 22. Qe1 Nd5 23. Bd2 0-1

[Event "Steinfurt Bezirksliga 0506"]
[Site "Germany"]
[Date "2005.11.19"]
[Round "3.6"]
[White "Schnabel, Reinhard"]
[Black "Goeckeler, Andreas"]
[Result "1-0"]
[WhiteElo "1540"]
[BlackElo "1422"]
[PlyCount "124"]
[EventDate "2005.09.24"]
[EventType "team-tourn"]
[EventRounds "9"]
[EventCountry "GER"]
[SourceTitle "EXT 2006"]
[Source "ChessBase"]
[SourceDate "2005.11.24"]
[SourceVersion "1"]
[SourceVersionDate "2005.11.24"]
[SourceQuality "1"]
[WhiteTeam "Reckenfeld"]
[BlackTeam "Neuenkirchen II"]
[WhiteTeamCountry "GER"]
[BlackTeamCountry "GER"]

1. e4 d6 2. d4 Nf6 3. Nc3 g6 4. f3 Bg7 5. Be3 Nc6 6. a3 Bd7 7. Qd2 e6 8. Bc4 Na5 9. Ba2 c6 10. b4 c5 11. bxa5 0-0 12. Nge2 Qxa5 13. 0-0 Rfd8 14. Rfd1 Bb5 15. Nxb5 Qxb5 16. c4 Qa4 17. Qb2 b6 18. Rab1 Nd7 19. Qb3 Qc6 20. d5 exd5 21. Rxd5 Nf6 22. Rd3 Re8 23. Rbd1 Rad8 24. Nf4 Rd7 25. Nd5 Nxd5 26. Rxd5 h6 27. Qd3 Red8 28. g3 g5 29. Kg2 f6 30. f4 Bf8 31. Bb3 Kg7 32. Qc2 Re7 33. Ba4 Qc7 34. fxg5 hxg5 35. Qd3 Re6 36. Bc2 Rd7 37. Bc1 Kg8 38. Bb2 Rg7 39. Qf3 Be7 40. Qf5 Qd7 41. g4 Kf7 42. h3 Qb7 43. Qf3 Qb8 44. Ba4 Qc8 45. Bc3 Rh7 46. Bc2 Rg7 47. Re1 Qa6 48. Qd3 Ke8 49. a4 Rf7 50. Rb1 Qb7 51. a5 Qc7 52. Ba4+ Kd8 53. axb6 axb6 54. Bb5 Qb7 55. Ra1 Kc7 56. Ba6 Qc6 57. Bb5 Qb7 58. Kg3 Rf8 59. Ba4 Rg8 60. Bc2 Re8 61. Qf3 Kb8 62. Ba4 Rf8 1-0

[Event "Steinfurt Bezirksliga 0506"]
[Site "Germany"]
[Date "2005.09.24"]
[Round "1.6"]
[White "Schnabel, Reinhard"]
[Black "Sieker, Hans"]
[Result "1-0"]
[WhiteElo "1540"]
[BlackElo "1546"]
[PlyCount "85"]
[EventDate "2005.09.24"]
[EventType "team-tourn"]
[EventRounds "9"]
[EventCountry "GER"]
[SourceTitle "EXT 2006"]
[Source "ChessBase"]
[SourceDate "2005.11.24"]
[SourceVersion "1"]
[SourceVersionDate "2005.11.24"]
[SourceQuality "1"]
[WhiteTeam "Reckenfeld"]
[BlackTeam "Berlin Klein Rheine II"]
[WhiteTeamCountry "GER"]
[BlackTeamCountry "GER"]

1. e4 c5 2. Nf3 a6 3. d4 cxd4 4. Nxd4 e6 5. Nc3 d6 6. Be2 Bd7 7. 0-0 Nf6 8. Bg5 h6 9. Bxf6 Qxf6 10. f4 Nc6 11. Nxc6 Bxc6 12. Qd2 Qd8 13. Kh1 Qb6 14. b3 Rd8 15. Rab1 d5 16. Qc1 dxe4 17. Na4 Qa7 18. c4 Be7 19. Nc3 f5 20. b4 Bf6 21. b5 axb5 22. cxb5 Bd5 23. b6 Qa5 24. Nxd5 exd5 25. Bh5+ Ke7 26. Bg6 d4 27. Qc4 Qd5 28. Qb4+ Rd6 29. Rbc1 d3 30. Rc7+ Kd8 31. Bxf5 Qd4 32. Rc8+ Ke7 33. Qxd4 Rxd4 34. Rxh8 g6 35. Rh7+ Kd6 36. Bxg6 d2 37. Bh5 Rd3 38. Rxh6 Re3 39. Rxf6+ Kc5 40. Re6 Re1 41. Kg1 e3 42. Bf3 Kd4 43. f5 1-0

[Event "Steinfurt Bezirksliga 0405"]
[Site "Germany"]
[Date "2005.04.30"]
[Round "8.5"]
[White "Schnabel, Reinhard"]
[Black "Uiess, Heinz"]
[Result "0-1"]
[WhiteElo "1519"]
[BlackElo "1622"]
[PlyCount "82"]
[EventDate "2004.09.25"]
[EventType "team-tourn"]
[EventRounds "11"]
[EventCountry "GER"]
[SourceTitle "EXT 2006"]
[Source "ChessBase"]
[SourceDate "2005.11.24"]
[SourceVersion "1"]
[SourceVersionDate "2005.11.24"]
[SourceQuality "1"]
[WhiteTeam "Reckenfeld"]
[BlackTeam "Steinfurt II"]
[WhiteTeamCountry "GER"]
[BlackTeamCountry "GER"]

1. e4 e6 2. d4 d5 3. Nc3 Nf6 4. Bg5 Be7 5. Bxf6 Bxf6 6. e5 Be7 7. Nf3 c5 8. Be2 Nc6 9. dxc5 Bxc5 10. a3 a6 11. 0-0 Qc7 12. Na4 Ba7 13. Bd3 Nxe5 14. Nxe5 Qxe5 15. Re1 Qd6 16. Nc3 Bd7 17. Rb1 Bc6 18. b4 b5 19. Qh5 h6 20. Re2 Bd4 21. Nd1 Bf6 22. Ne3 Qe5 23. Qh3 Qg5 24. Rf1 Qh4 25. Qf3 0-0 26. Ng4 Bb2 27. Ne5 Bxe5 28. Rxe5 Qf6 29. Rfe1 Qxf3 30. gxf3 g6 31. h4 Kg7 32. f4 Bd7 33. R5e3 Rac8 34. Rg3 h5 35. Kh2 Rc3 36. Reg1 Rxa3 37. Rg5 Kf6 38. Bxg6 fxg6 39. Rxg6+ Ke7 40. Rg7+ Rf7 41. Rxf7+ Kxf7 0-1

[Event "Steinfurt Bezirksliga 0203"]
[Site "Germany"]
[Date "2002.12.21"]
[Round "4.7"]
[White "Boedding, Sven"]
[Black "Schnabel, Reinhard"]
[Result "0-1"]
[WhiteElo "1474"]
[BlackElo "1616"]
[PlyCount "54"]
[EventDate "2002.09.14"]
[EventType "team-tourn"]
[EventRounds "9"]
[EventCountry "GER"]
[SourceTitle "EXT 2004"]
[Source "ChessBase"]
[SourceDate "2003.11.25"]
[SourceVersion "1"]
[SourceVersionDate "2003.11.25"]
[SourceQuality "1"]
[WhiteTeam "Mesum"]
[BlackTeam "Reckenfeld"]
[WhiteTeamCountry "GER"]
[BlackTeamCountry "GER"]

1. d4 Nf6 2. c4 e6 3. Nc3 d5 4. Bg5 Be7 5. e3 c6 6. Nf3 h6 7. Bh4 Nbd7 8. cxd5 cxd5 9. Bb5 0-0 10. 0-0 a6 11. Ba4 b5 12. Bc2 Bb7 13. a3 Rc8 14. Re1 Re8 15. Rc1 Ne4 16. Nxe4 dxe4 17. Bxe7 Qxe7 18. Nd2 f5 19. Qh5 Rf8 20. Bb3 Kh7 21. g3 Nf6 22. Qh3 g5 23. Ba2 Qd6 24. Nb3 Bd5 25. Ra1 Rc2 26. Reb1 Ng4 27. Nc5 Rxf2 0-1

[Event "Steinfurt Bezirksliga 0203"]
[Site "Germany"]
[Date "2002.10.05"]
[Round "2.7"]
[White "Welzel, Wilhelm"]
[Black "Schnabel, Reinhard"]
[Result "1-0"]
[WhiteElo "1629"]
[BlackElo "1616"]
[PlyCount "41"]
[EventDate "2002.09.14"]
[EventType "team-tourn"]
[EventRounds "9"]
[EventCountry "GER"]
[SourceTitle "EXT 2004"]
[Source "ChessBase"]
[SourceDate "2003.11.25"]
[SourceVersion "1"]
[SourceVersionDate "2003.11.25"]
[SourceQuality "1"]
[WhiteTeam "Ibbenbueren II"]
[BlackTeam "Reckenfeld"]
[WhiteTeamCountry "GER"]
[BlackTeamCountry "GER"]

1. e4 c5 2. c4 g6 3. Nf3 Bg7 4. d4 cxd4 5. Nxd4 Nc6 6. Be3 Qa5+ 7. Nc3 Qe5 8. f4 Qb8 9. Be2 d6 10. 0-0 Nxd4 11. Bxd4 e5 12. fxe5 dxe5 13. Bc5 Be6 14. Qa4+ Bd7 15. Qd1 Qd8 16. Nd5 Be6 17. Qa4+ Bd7 18. Qb3 b6 19. Bd6 Rc8 20. c5 Be6 21. Bb5+ 1-0

[Event "Steinfurt Bezirksliga 0203"]
[Site "Germany"]
[Date "2002.09.14"]
[Round "1.7"]
[White "Schnabel, Reinhard"]
[Black "Sperling, Guenther"]
[Result "1-0"]
[WhiteElo "1616"]
[BlackElo "1241"]
[PlyCount "89"]
[EventDate "2002.09.14"]
[EventType "team-tourn"]
[EventRounds "9"]
[EventCountry "GER"]
[SourceTitle "EXT 2004"]
[Source "ChessBase"]
[SourceDate "2003.11.25"]
[SourceVersion "1"]
[SourceVersionDate "2003.11.25"]
[SourceQuality "1"]
[WhiteTeam "Reckenfeld"]
[BlackTeam "Reckenfeld II"]
[WhiteTeamCountry "GER"]
[BlackTeamCountry "GER"]

1. e4 e5 2. Nf3 Nc6 3. Bb5 d6 4. d4 Bd7 5. 0-0 Nxd4 6. Bxd7+ Qxd7 7. Nxd4 exd4 8. Qxd4 Nf6 9. b4 Be7 10. a4 0-0 11. Bb2 Rfd8 12. c4 b6 13. b5 c5 14. Qe3 Qc7 15. Nc3 Bf8 16. Nd5 Nxd5 17. cxd5 Qd7 18. f4 Re8 19. Rae1 a6 20. Rf3 axb5 21. Rg3 bxa4 22. Qc3 f6 23. Qxf6 Re7 24. Qg5 Rf7 25. h4 Qe7 26. Qg4 Qd7 27. h5 b5 28. Qg5 Qc7 29. h6 Qd7 30. e5 dxe5 31. Qxe5 Qd6 32. hxg7 Qxe5 33. gxf8Q+ Kxf8 34. Rxe5 Rd7 35. Bc1 Rc8 36. Reg5 Ke7 37. Re3+ Kd6 38. Bb2 Rf7 39. Re6+ Kc7 40. Rc6+ Kb7 41. Rxc5 Kb6 42. Bd4 Ka6 43. Rc6+ Ka5 44. Bc3+ b4 45. d6+ 1-0